00805nam a22002177a 450000500170000000800410001702000150005804000270007304100080010004400070010808200160011510000190013124502260015026000240037630000470040049000470044765000250049465000220051970000240054170000220056520191227105549.0191227b xxu||||| |||| 00| 0 spa d a9290432233 aCO-BoIAVH cCO-BoIAVH  aeng ait a634.6bB46t aBettencourt, E aTropical and subtropical fruits and tree nutsbAnnona, avocado, banana and plantain, breadfruit, cashew, citrus, date, fig, guava, mango, passionfruit, papaya, pineapple and others.cE Bettencourt, Th Hazekamp y M C Perry aRoma,bIBPGR,c1992 a337 páginasbIlustracionesc29.7 x 21 cm aDirectory of germoplasm collections. v6.I 0aGermoplasma vegetal. 0aFrutas tropicales aHazekamp, TheAutor aPerry, M CeAutor